Entry Konu Terimi
001 - KONTROL NUMARASI
- Kontrol alanı: 46744
003 - KONTROL NUMARASI KİMLİĞİ
- Kontrol alanı: TR-BiSEU
005 - SON İŞLEM TARİHİ VE ZAMANI
- Kontrol alanı: 20260207002342.0
008 - SABİT UZUNLUKTAKİ VERİ ÖGELERİ - GENEL BİLGİ
- Sabit uzunlukta kontrol alanı: 260207|| aca||aabn | a|a d
040 ## - KATALOGLAMA KAYNAĞI
- Özgün kataloglama kurumu: TR-BiSEU
- Çeviri kurumu: TR-BiSEU
150 ## - KONU BAŞLIKLARI - KONU TERİMİ
- Konu terimi: Services provided by hospitals
670 ## - BİLGİNİN KAYNAĞI
- Bilginin alındığı kaynak: KOHA: (TR-BiSEU)22333: Osmanlı Sağlık Kurumları sempozyumu (Haziran : 2007) 46738, Prof. Dr. Ali Haydar Bayat anısına düzenlenen Osmanlı Sağlık Kurumları sempozyumu.
